00702cam a22002057a 4500003000500000005001700005008004100022010001000063011001000073035001000083040000900093082001600102100003300118245015400151260009900305300001100404650003200415700002400447700002500471CHAP20220329142622.0010926d2000 mx r 00110 spa d a85711 a86683 a97222 cCHAP04a341.481bS500aSierra Guzmán, Jorge Luis.13aLa Comisión Nacional de Derechos Humanos :buna visión no gubernamentalc/por Jorge Luis Sierra Guzmán, Rafael Ruiz Harrell y José Barragán aMéxico, D.F. :bComisión Mexicana de Defensa y Promoción de los Derechos Humanos,c1992. a251 p.14aDerechos humanosxMéxico.00aBarragán, José.00aRuiz Harrell, Rafael